000 00815nas a2200253 4500
001 BR0201659
003 BR-BrBNA
005 20231205102833.0
007 ta
008 230509b bl.|||p| |||| 00| 00por d
040 _aBR-BrBNA
_bpor
_cBiblioteca Nacional de Agricultura
041 _a(En)
072 _aH10
100 1 _aOriana, M.A. de G.
100 1 _aLara, F.M.
245 1 _aAntibiosis effects of wild bean lines containing arcelin on Bemisia tabaci (Genn.)biotype B (Homoptera: Aleyrodidae)
650 _aFeijão
650 _aMosca Branca
650 _aBiologia
650 _aVariedade Resistente
773 0 _tAnais da Sociedade Entomológica do Brasil (Brazil)
_xISSN 0301-8059
_g(Sep 2000), v. 29(3) p. 573-582
_wBR0201659
909 _a202311
_bLúcia
_c55
_dLúcia Elande
942 _2AGRIS
_n0
_cANA
999 _c169612
_d169612